Loading...
| History - American | 0 | 3 | 1 | 1 | 25 | 57 | 81.67 | 0 | 1 | 10.52 | 16.59 |
| History - European | 0 | 2 | 0 | 1 | 20 | 73 | 98.50 | 0 | 0 | 4.06 | 5.00 |
| Mythology | 0 | 2 | 0 | 0 | 20 | 97 | 98.50 | 0 | 0 | 4.91 | 10.83 |
| Religion | 0 | 2 | 0 | 0 | 20 | 94 | 109.50 | 0 | 0 | 3.42 | 12.50 |
| History - World | 0 | 2 | 0 | 1 | 20 | 89 | 113.00 | 0 | 1 | 2.52 | 7.58 |
| Literature - American | 0 | 2 | 0 | 0 | 20 | 45 | 45.50 | 0 | 2 | 13.97 | 15.00 |
| Other Academic | 0 | 1 | 0 | 1 | 10 | 119 | 119.00 | 0 | 0 | 2.96 | 2.08 |
| History - Other | 0 | 2 | 2 | 0 | 10 | 110 | 115.50 | 0 | 0 | 1.30 | 6.67 |
| Literature - British | 0 | 1 | 0 | 1 | 10 | 134 | 134.00 | 0 | 0 | 0.76 | 5.00 |
| Philosophy | 0 | 1 | 0 | 1 | 10 | 101 | 101.00 | 0 | 1 | 1.22 | 1.67 |
| Literature - European | 0 | 0 | 0 | 0 | 0 | 0.00 | 0 | 0 | 0.00 | 0.00 | |
| Science - Other | 0 | 0 | 1 | 0 | -5 | 0.00 | 0 | 0 | 0.00 | 0.00 | |
| Literature - World | 0 | 0 | 1 | 0 | -5 | 0.00 | 0 | 0 | 0.00 | 0.00 | |
| Fine Arts - Other | 0 | 0 | 1 | 0 | -5 | 0.00 | 0 | 0 | 0.00 | 0.00 |